<?xml version="1.0" encoding="UTF-8"?>
<record
    xmlns:xsi="http://www.w3.org/2001/XMLSchema-instance"
    xsi:schemaLocation="http://www.loc.gov/MARC21/slim http://www.loc.gov/standards/marcxml/schema/MARC21slim.xsd"
    xmlns="http://www.loc.gov/MARC21/slim">

  <leader>03275nam a2200541Ia 4500</leader>
  <controlfield tag="001">2090</controlfield>
  <controlfield tag="008">241029s9999    xx            000 0 und d</controlfield>
  <datafield tag="010" ind1=" " ind2=" ">
    <subfield code="a">1959</subfield>
  </datafield>
  <datafield tag="041" ind1=" " ind2=" ">
    <subfield code="a">Espa&#xF1;ol</subfield>
  </datafield>
  <datafield tag="082" ind1=" " ind2=" ">
    <subfield code="a">MA-ES 0014 FH 2010</subfield>
  </datafield>
  <datafield tag="245" ind1=" " ind2="0">
    <subfield code="a">La Formaci&#xF3;n en Valores como parte Integral de la Educaci&#xF3;n Universitaria en Rep&#xFA;blica Dominicana (2005-2006)</subfield>
  </datafield>
  <datafield tag="260" ind1=" " ind2=" ">
    <subfield code="a">Santo Domingo</subfield>
  </datafield>
  <datafield tag="300" ind1=" " ind2=" ">
    <subfield code="a">127</subfield>
  </datafield>
  <datafield tag="520" ind1=" " ind2=" ">
    <subfield code="a">12</subfield>
  </datafield>
  <datafield tag="630" ind1=" " ind2=" ">
    <subfield code="a">Educaci&#xF3;n en Valores</subfield>
  </datafield>
  <datafield tag="630" ind1=" " ind2=" ">
    <subfield code="a">Formaci&#xF3;n</subfield>
  </datafield>
  <datafield tag="650" ind1=" " ind2=" ">
    <subfield code="a">Educaci&#xF3;n en Valores</subfield>
  </datafield>
  <datafield tag="690" ind1=" " ind2=" ">
    <subfield code="a">Sintetizado</subfield>
  </datafield>
  <datafield tag="700" ind1=" " ind2=" ">
    <subfield code="e">asesor</subfield>
    <subfield code="a"> Cabrera, Argentina</subfield>
  </datafield>
  <datafield tag="700" ind1=" " ind2=" ">
    <subfield code="e">autor</subfield>
    <subfield code="a">Recio Sosa, Amarilis</subfield>
  </datafield>
  <datafield tag="700" ind1=" " ind2=" ">
    <subfield code="e">autor</subfield>
    <subfield code="a">Ram&#xED;rez Francisco, Alfa Kl&#xE9;ber</subfield>
  </datafield>
  <datafield tag="901" ind1=" " ind2=" ">
    <subfield code="a">{"1":"Recio Sosa","2":"Ram&#xED;rez Francisco"}</subfield>
    <subfield code="b">{"1":"Amarilis","2":"Alfa Kl&#xE9;ber"}</subfield>
  </datafield>
  <datafield tag="902" ind1=" " ind2=" ">
    <subfield code="a">1</subfield>
  </datafield>
  <datafield tag="903" ind1=" " ind2=" ">
    <subfield code="a">{"1":" Cabrera"}</subfield>
    <subfield code="b">{"1":"Argentina"}</subfield>
  </datafield>
  <datafield tag="904" ind1=" " ind2=" ">
    <subfield code="a">Maestr&#xED;a en</subfield>
  </datafield>
  <datafield tag="905" ind1=" " ind2=" ">
    <subfield code="a">Educaci&#xF3;n Superior</subfield>
  </datafield>
  <datafield tag="906" ind1=" " ind2=" ">
    <subfield code="a">2</subfield>
  </datafield>
  <datafield tag="907" ind1=" " ind2=" ">
    <subfield code="a">NO APLICA</subfield>
  </datafield>
  <datafield tag="908" ind1=" " ind2=" ">
    <subfield code="a">NO APLICA</subfield>
  </datafield>
  <datafield tag="909" ind1=" " ind2=" ">
    <subfield code="a">Universidad Aut&#xF3;noma de Santo Domingo (UASD)</subfield>
  </datafield>
  <datafield tag="910" ind1=" " ind2=" ">
    <subfield code="a">NULL</subfield>
    <subfield code="b">NULL</subfield>
  </datafield>
  <datafield tag="911" ind1=" " ind2=" ">
    <subfield code="a">["1"]</subfield>
  </datafield>
  <datafield tag="912" ind1=" " ind2=" ">
    <subfield code="a">NO APLICA</subfield>
  </datafield>
  <datafield tag="913" ind1=" " ind2=" ">
    <subfield code="a">NULL</subfield>
  </datafield>
  <datafield tag="914" ind1=" " ind2=" ">
    <subfield code="a">11 de Enero de 2010</subfield>
  </datafield>
  <datafield tag="915" ind1=" " ind2=" ">
    <subfield code="a">NULL</subfield>
  </datafield>
  <datafield tag="916" ind1=" " ind2=" ">
    <subfield code="a">NULL</subfield>
  </datafield>
  <datafield tag="917" ind1=" " ind2=" ">
    <subfield code="a">NULL</subfield>
  </datafield>
  <datafield tag="918" ind1=" " ind2=" ">
    <subfield code="a">NO APLICA</subfield>
  </datafield>
  <datafield tag="919" ind1=" " ind2=" ">
    <subfield code="a">["75","200"]</subfield>
  </datafield>
  <datafield tag="520" ind1=" " ind2=" ">
    <subfield code="a">Este estudio analiza la Educaci&#xF3;n en Valores en las Instituciones Educativas Superior de la Rep&#xFA;blica Dominicana. El objetivo es destacar la importancia que la comunidad universitaria le da a la formaci&#xF3;n en valores como parte integral de la educaci&#xF3;n ofrecida a los estudiantes. Para el desarrollo de esta investigaci&#xF3;n se prest&#xF3; atenci&#xF3;n especial a descriptores referidos a valores, moralidad, desarrollo profesional, educaci&#xF3;n en valores, antivalores y educaci&#xF3;n superior.El dise&#xF1;o metodol&#xF3;gico empleado fue el modelo descriptivo y de campo bajo las consideraciones y premisas que orientan la investigaci&#xF3;n cuantitativa y cualitativa. El escenario lo constituyeron 20 universidades del pa&#xED;s. La poblaci&#xF3;n estuvo formada por profesores, estudiantes y administradores de dichas universidades. Las muestras fueron seleccionadas por muestreo de grupos y el muestreo no probabil&#xED;stico. Se dise&#xF1;aron tres instrumentos, a los profesores y estudiantes se les aplico una encuesta, a los administradores universitarios y t&#xE9;cnicos, se les aplico una entrevista cualitativa en profundidad.Las conclusiones apuntan la formaci&#xF3;n en valores para los universitarios. Ellos consideraron que sus instituciones est&#xE1;n preocupadas por la integraci&#xF3;n de valores en la formaci&#xF3;n educativa. No obstante, se percibe una progresiva p&#xE9;rdida de valores en el &#xE1;mbito universitario. La opini&#xF3;n m&#xE1;s desfavorable es aquella que valora las pr&#xE1;cticas y el trabajo de los profesionales universitarios, la mayor&#xED;a de los encuestados est&#xE1;n muy preocupados por este asunto. La investigaci&#xF3;n permiti&#xF3; recoger impresiones de estudiantes, profesionales, administrativos y t&#xE9;cnicos universitarios sobre la pertinencia de la educaci&#xF3;n en valores, as&#xED; como establecer una jerarqu&#xED;a entre las actividades y valores m&#xE1;s sostenidos y vivencias por ellos.</subfield>
  </datafield>
  <datafield tag="921" ind1=" " ind2=" ">
    <subfield code="a">16</subfield>
  </datafield>
  <datafield tag="922" ind1=" " ind2=" ">
    <subfield code="a">16</subfield>
  </datafield>
  <datafield tag="923" ind1=" " ind2=" ">
    <subfield code="a">0</subfield>
  </datafield>
  <datafield tag="924" ind1=" " ind2=" ">
    <subfield code="a">NO APLICA</subfield>
  </datafield>
  <datafield tag="942" ind1=" " ind2=" ">
    <subfield code="c">Tesis</subfield>
  </datafield>
  <datafield tag="999" ind1=" " ind2=" ">
    <subfield code="c">1959</subfield>
    <subfield code="d">1959</subfield>
  </datafield>
</record>
